LEADER 00708nas 2200229 450 001 000003077 005 20120612153802.0 011 $a0012-6438 100 $a20010917a1938----km-y0itay50------ba 101 0 $afre 102 $aFR 110 $aafal---0uu- 200 1 $aDroit social$erapports professionnels. Organisation de la production et du travail, sécurité sociale et prestations familiales 210 $aParis$cEditions Techniques et Economiques$d1938- 215 $afascicoli 326 $aMensile 610 1 $aDiritto del lavoro 801 0$aIT$bUNIPARTHENOPE$gRICA$2UNIMARC 912 $a000003077 958 $a1954-1991; 1993; 2008-2011$cNAVA1 996 $aDroit social$9797884 997 $aUNIPARTHENOPE